01474 a2200205 45000010006000000050017000060080041000230030015000640400040000790800076001192450164001950200022003592500013003812640041003943000025004355050608004601000033010687000029011018560138011302155720260407155506.0260407a2010 arg spa dAR-UNSa-BCEJYS aAR-UNSa-BCEJYSbspacAR-UNSa-BCEJYS a336.233xTipos de contribución. Contribuciones a la Seguridad Social 10aProcedimiento tributario y de la seguridad socialpLey 11.683 (t.o. 1998), Decreto reglamentario 1397/79, Régimen penal tributario y previsional (Ley 24.769) a978-950-20-2072-3 a11a. ed. 1aBuenos Aires :bAbeledo Perrotc2010 axliv, 871 p.c24 cm. a1. Disposiciones generales - 2. Sujetos de los deberes impositivos - 3. Determinación y percepción de impuestos - 4. Del pago - 5. Verificación y fiscalización - 6. Intereses, ilicitos y sanciones - 7. Responsables de las sanciones - 8. De la prescripción - 9. Procedimiento penal y contencioso-administrativo - 10. Procedimiento contencioso-judicial - 11. Juicio de ejecución fiscal - 12. Disposiciones varias - 13. Régimen especial de fiscalización (derogado) presunción de exactitud - 14. Cuenta de jerarquización - 15. Régimen de actualización - 16. Regimenes de promoción.1 aGiuliani Fonrouge, Carlos M.1 aNavarrine, Susana Camila41uhttps://biblioeco.unsa.edu.ar/pmb/images/libros/Procedimiento Tributario y de la Seguridad Social2.jpgyImagen de portadaqimage/jpeg